RICS Practice Alert - DPB Licenced Firms (Record no. 121964)
[ view plain ]
| 000 -LEADER | |
|---|---|
| fixed length control field | 01247nam a22002177a 4500 |
| 008 - FIXED-LENGTH DATA ELEMENTS--GENERAL INFORMATION | |
| fixed length control field | 240705e20240705xxk|||||o|||| 00| 0 eng d |
| 041 ## - LANGUAGE CODE | |
| Language code of text/sound track or separate title | eng |
| 110 ## - MAIN ENTRY--CORPORATE NAME | |
| Corporate author | Royal Institution of Chartered Surveyors |
| 245 ## - TITLE STATEMENT | |
| Title | RICS Practice Alert - DPB Licenced Firms |
| Medium | [Email update] |
| 260 ## - PUBLICATION INFORMATION | |
| Place of publication | London, |
| Publisher | Royal Institution of Chartered Surveyors, |
| Date | 3 May 2024 |
| 300 ## - PHYSICAL DESCRIPTION | |
| Physical description | |
| 490 ## - SERIES TITLE | |
| Series statement | RICS Practice Alert |
| 520 ## - ABSTRACT | |
| Abstract | This Alert is to notify all RICS-regulated firms on the Designated Professional Body (DPB) Scheme that RICS has not received approval from the Financial Conduct Authority (FCA) for the proposed rule changes announced in February 2024. As such RICS is making making RICS-regulated firms on the DPB Scheme aware that the new rules will not come into effect on 10 May 2024. RICS will issue an update as soon as possible once FCA approval is provided. |
| 650 ## - KEYWORDS | |
| Keywords | DESIGNATED PROFESSIONAL BODY SCHEME |
| 650 ## - KEYWORDS | |
| Keywords | INSURANCE SERVICES |
| 651 ## - SUBJECT ADDED ENTRY--GEOGRAPHIC NAME | |
| Geographic name | United Kingdom |
| 690 ## - BROAD SUBJECT | |
| Broad subject | RICS |
| 9 (RLIN) | 6277 |
| 710 ## - ADDED CORPORATE NAME | |
| Added corporate author | Royal Institution of Chartered Surveyors |
| 856 ## - ONLINE RESOURCE | |
| Uniform Resource Identifier | <a href="https://www.rics.org/content/dam/ricsglobal/documents/regulation/RICS-Practice-Alert_DPB-Licenced-Firms_May-2024.pdf">https://www.rics.org/content/dam/ricsglobal/documents/regulation/RICS-Practice-Alert_DPB-Licenced-Firms_May-2024.pdf</a> |
| Public note | View the online Practice Update |
| 942 ## - ADDED ENTRY ELEMENTS (KOHA) | |
| Suppress in OPAC | Do not suppress in OPAC |
| Lost status | Damaged status | Not for loan | Current library | Shelving location | Date acquired | Total Checkouts | Full call number | Date last seen | Price effective from | Koha item type |
|---|---|---|---|---|---|---|---|---|---|---|
| Virtual | Online | 05/07/2024 | 05/07/2024 | 05/07/2024 |